000
00317nam a22001337a 4500
008
181016b xxu||||| |||| 00| 0 eng d
020
_a
1560550708
041
_a
eng
080
_a
617
100
_a
8
101
_a
OFT
245
_a
Surgery of the Eyelid, Orbit, and Lacrimal System
_c
Stewart,W.B
942
_2
udc
_c
BK
999
_c
49835
_d
49835